सचित्र बाल-कविताएँ / (Record no. 32280)
[ view plain ]
| 000 -LEADER | |
|---|---|
| fixed length control field | 02412nam a22002537a 4500 |
| 005 - DATE AND TIME OF LATEST TRANSACTION | |
| control field | 20091209120037.0 |
| 020 ## - INTERNATIONAL STANDARD BOOK NUMBER | |
| International Standard Book Number | 8181150619 |
| Terms of availability | 150.00 |
| 035 ## - SYSTEM CONTROL NUMBER | |
| System control number | B-372854-859 |
| 037 ## - SOURCE OF ACQUISITION | |
| Source of stock number/acquisition | चिल्ड्रन बुक बैंक/ PUB |
| 082 ## - DEWEY DECIMAL CLASSIFICATION NUMBER | |
| Classification number | 821 |
| 100 ## - MAIN ENTRY--PERSONAL NAME | |
| Personal name | मृदुल, सूरज |
| 245 ## - TITLE STATEMENT | |
| Title | सचित्र बाल-कविताएँ / |
| Statement of responsibility, etc | सूरज मृदुल |
| 260 ## - PUBLICATION, DISTRIBUTION, ETC. (IMPRINT) | |
| Place of publication, distribution, etc | नई दिल्ली |
| Name of publisher, distributor, etc | चिल्ड्रन बुक बैंक |
| Date of publication, distribution, etc | 2009 |
| 270 ## - ADDRESS | |
| Address | एस-419, (ग्राउंड फ्लोर), ग्रेटर कैलाश-1 |
| City | नई दिल्ली |
| Postal code | 110048 |
| 300 ## - PHYSICAL DESCRIPTION | |
| Extent | 96पृ |
| Dimensions | 22सेमी (सजिल्द) |
| Other physical details | सचित्र |
| 942 ## - ADDED ENTRY ELEMENTS (KOHA) | |
| Source of classification or shelving scheme | Dewey Decimal Classification |
| Item type | Children Books |
| Classification part | 821 |
| Call number suffix | मृदुल |
| Withdrawn status | Lost status | Not for loan | Collection code | Home library | Current library | Date acquired | Source of acquisition | Cost, normal purchase price | Full call number | Barcode | Copy number | Cost, replacement price | Koha item type |
|---|---|---|---|---|---|---|---|---|---|---|---|---|---|
| Written-off vide DLB M. No. 383 dt 16.05.19 | Non-fiction | Janak Puri | Janak Puri | 26/08/2010 | चिल्ड्रन बुक बैंक/1101/23.01.10/271/16.01.10/11.02.10 | 150.00 | 821 मृदुल | B-372855 | 2 | 150.00 | Children Books | ||
| Non-fiction | Janak Puri | Janak Puri | 26/08/2010 | चिल्ड्रन बुक बैंक/1101/23.01.10/271/16.01.10/11.02.10 | 150.00 | 821 मृदुल | B-372856 | 2 | 150.00 | Children Books | |||
| Non-fiction | Karol Bagh | Karol Bagh | 26/08/2010 | चिल्ड्रन बुक बैंक/1101/23.01.10/271/16.01.10/11.02.10 | 150.00 | 821 मृदुल | B-372858 | 1 | 150.00 | Children Books | |||
| Non-fiction | Patel Nagar | Patel Nagar | 26/08/2010 | चिल्ड्रन बुक बैंक/1101/23.01.10/271/16.01.10/11.02.10 | 150.00 | 821 मृदुल | B-372854 | 1 | 150.00 | Children Books | |||
| Written-off vide DLB M. No. 383 dt 16.05.19 | Non-fiction | Shahdara Branch | Shahdara Branch | 26/08/2010 | चिल्ड्रन बुक बैंक/1101/23.01.10/271/16.01.10/11.02.10 | 150.00 | 821 मृदुल | B-372859 | 1 | 150.00 | Children Books | ||
| Non-fiction | Vinoba Puri | Vinoba Puri | 26/08/2010 | चिल्ड्रन बुक बैंक/1101/23.01.10/271/16.01.10/11.02.10 | 150.00 | 821 मृदुल | B-372857 | 1 | 150.00 | Children Books |
